Справочная книга по математической логике (Запис № 321340)

МАРК-запис
000 -Лідер
fixed length control field 00695nam a22002177a 4500
001 - Контрольний номер
control field 34916
003 - Ідентифікатор контрольного номера
control field UA-OsUOA
005 - Дата та час останнього входження (трансакції)
control field 20220710152807.0
007 - Фіксоване поле фізичного опису
fixed length control field ta
008 - Елементи даних фіксованої довжини – загальна інформація
fixed length control field 20051031b un ||||| |||| 00| 0 ukr d
040 ## - Джерело каталогізації
Агенція оригінальної каталогізації UA-OsUOA
Мова каталогізації rus
Агенція, яка здійснювала перезапис UA-OsUOA
Агенція, яка здійснювала модифікацію UA-OsUOA
041 ## - Код мови
Код мови тексту/ звукової доріжки чи окремого заголовка (П) rus
080 ## - Індекс Універсальної десяткової класифікації
Індекс Універсальної десяткової класифікації (УДК) (НП) 510.6(035)
090 ## - Локальний шифр розміщення
Класифікаційний індекс УДК 510.6(035)
Авторський знак (НП) С74
245 ## - Відомості про назву
Назва (НП) Справочная книга по математической логике
Дані про відповідальність (НП) ред. Дж. Барвайс
Номер частини/ розділу роботи (П) кн. 2
Назва частини/ розділу роботи Теория мнножеств
260 ## - Публікація, розповсюдження і т.п. (Вихідні дані)
Місце публікації, розповсюдження і т.п. (П) М.
Ім’я/ наймення видавництва, розповсюджувача і т.п. (П) Главная редакция физико-математической литературы
Дата публікації, розповсюдження і т.п. (П) 1982
300 ## - Фізичний опис
Обсяг 374 с.
650 #7 - Додаткове предметне введення – тематичний термін
Джерело заголовка чи терміна UDC
942 ## - Додаткові елементи входу (Коха)
Тип елемента Koha Книги
Source of classification or shelving scheme Universal Decimal Classification
955 ## - Код типу видання за змістом
Код типу видання за змістом (НП) Навчальні видання
Фонди
Стан вилучень Стан втрат Джерело класифікації або схеми стелажів Стан уражень Не для кредиту Постійне місце розташування Поточне розміщення Дата придбання Інвентарний номер Усього замовленно Повний номер виклику Штрих-код Дата останнього перегляду Ціна ефективна від Тип елемента Koha
    Universal Decimal Classification     ЧЗ - Читальна зала ЧЗ - Читальна зала 31/10/2005 68894   510.6(035) С74 68894 07/02/2022 31/10/2005 Книги